000 01236nam a2200301 i 4500
001 000046844
003 DO-SdBNP
005 20241022103253.0
007 ta
008 180403s2015 dr a 001 0 spa d
020 _a9789945897623
040 _aDO-SdBNP
_bspa
_cBNPHU
_erda
082 4 _axxx
_bS127
_222
100 1 _aSáez, José Luis,
_d1937-
_eautor
_4aut.
_9620
245 1 0 _aMons. Eliseo Pérez Sánchez :
_bnotas biográficas y documentos completos /
_cJosé Luis Sáez Ramo ; presentación, Ramón Benito de la Rosa y Carpio ; cuidado de edición, Jesús R. Navarro Zerpa
264 4 _aSanto Domingo :
_bEditora Academia Dominicana de la Historia,
_c2015.
300 _a648 páginas :
_bilustraciones ;
_c24 cm.
336 _atexto
_btxt
_2rdacontent
337 _asin mediación
_bn
_2rdamedia
338 _avolumen
_bnc
_2rdacarrier
490 0 _aAcademia Dominicana de la Historia ;
_v125
500 _aIncluye índice onomástico
500 _aIncluye referencias bibliográficas y notas a pie de las páginas
590 _aInventariado, 2018/ YL
700 1 _a Rosa y Carpio, Ramón Benito de la,
_d1939-
_974159
_epresentación
700 1 _aNavarro Zerpa, Jesús R.,
_ecuidado de edición
_973422
942 _2ddc
_cLBS1
999 _c46333
_d46333